[Event "SLO-chT2 East"]
[Site "Velenje"]
[Date "2006.05.21"]
[Round "1"]
[White "Novak, Tomo"]
[Black "Cojhter, Karl"]
[Result "0-1"]
[WhiteElo "2066"]
[BlackElo "2108"]
[PlyCount "58"]
[EventDate "2006.05.21"]
[EventType "team"]
[EventRounds "9"]
[EventCountry "SLO"]
[SourceTitle "EXT 2008"]
[Source "ChessBase"]
[SourceDate "2007.11.25"]
[SourceVersion "1"]
[SourceVersionDate "2007.11.25"]
[SourceQuality "1"]

1. Nf3 Nf6 2. g3 c5 3. Bg2 Nc6 4. c4 e6 5. 0-0 d6 6. d4 cxd4 7. Nxd4 Bd7 8. Nb5 Qb8 9. Bf4 Ne5 10. Qb3 Bc6 11. Bxe5 dxe5 12. Bxc6+ bxc6 13. N5c3 Qc7 14. Qc2 Rb8 15. Nd2 Be7 16. b3 0-0 17. Rad1 Ng4 18. h3 Nh6 19. e3 f5 20. Ne2 g5 21. e4 Rf7 22. Kg2 Rbf8 23. f3 Bc5 24. Nc3 a5 25. g4 fxg4 26. hxg4 Nxg4 27. fxg4 Rf2+ 28. Rxf2 Rxf2+ 29. Kg3 Qf7 0-1

[Event "SLO-chT2"]
[Site "Slovenia"]
[Date "2003.07.11"]
[Round "5"]
[White "Stanic, Simon"]
[Black "Novak, Tomo"]
[Result "1-0"]
[WhiteElo "2030"]
[BlackElo "2032"]
[PlyCount "63"]
[EventDate "2003.05.02"]
[EventType "team"]
[EventRounds "9"]
[EventCountry "SLO"]
[SourceTitle "EXT 2005"]
[Source "ChessBase"]
[SourceDate "2004.11.15"]
[SourceVersion "1"]
[SourceVersionDate "2004.11.15"]
[SourceQuality "1"]

1. e4 c5 2. Nf3 d6 3. d4 cxd4 4. Nxd4 Nf6 5. Nc3 a6 6. a4 e6 7. Be2 Be7 8. 0-0 0-0 9. Qd3 Nc6 10. Nxc6 bxc6 11. Qg3 e5 12. b3 Ne8 13. f4 exf4 14. Bxf4 Bh4 15. Qd3 Qe7 16. Rad1 Bf6 17. a5 d5 18. Na4 dxe4 19. Qc4 Bf5 20. Nb6 Rd8 21. Qxc6 Bd4+ 22. Kh1 Nf6 23. Bc7 Bg4 24. Bxg4 Nxg4 25. Bxd8 Rxd8 26. Rxd4 Rxd4 27. Qc8+ Rd8 28. Qxg4 e3 29. h3 e2 30. Re1 Rd1 31. Rxd1 exd1Q+ 32. Qxd1 1-0